El gran libro de los dinosaurios (Registro nro. 10493)

Detalles MARC
000 -LIDER
fixed length control field 00784nam a2200253 a 4500
001 - NÚMERO DE CONTROL
Identificador de número de control 0000427
003 - IDENTIFICACDOR DE NÚMERO DE CONTROL
control field DO-SdBNP
005 - DATE AND TIME OF LATEST TRANSACTION
control field 20180223151339.0
007 - CAMPOS FIJOS DE DESCRIPCIÓN FÍSICA
fixed length control field 0000427
008 - ELEMENTOS DE LONGITUD FIJA
fixed length control field 091125s2011 xx a 000 0 spa d
020 ## - ISBN
International Standard Book Number 9789962040248
040 ## - FUENTE DE CATALOGACIÓN
Agencia que crea de manera original el registro BPMSU
Idioma de catalogación spa
Agencia que realiza la transcripción BPMSU
082 #4 - NÚMERO DE CLASIFICACIÓN DECIMAL DE DEWEY
Classification number xxxx
Item number xxxx
100 1# - ASIENTO PRINCIPAL -- NOMBRE PERSONAL
Nombre personal Gutierrez Riveros, Lilia
245 13 - MENCIÓN DE TITULO
Título El gran libro de los dinosaurios
Subtítulo 3D /
Mención de responsabilidad Lilia Gutierrez Riveros ; ilustraciones Carmelo Vergara, Javier Gacharná Ramirez
260 ## - PUBLICACIÓN, DISTRIBUCIÓN, ETC. (PIE DE IMPRENTA)
Lugar de publicación, distribución, etc [Colombia] :
Nombre del editor, distribuidor, etc. Lexus editores,
Fecha de publicación, distribución, etc 2011.
300 ## - DESCRIPCIÓN FÍSICA
Extensión 160 p. :
Otros detalles físicos il. ;
Dimensiones 35 cm.
Material complementario + CD ROOM y LENTES 3D
700 12 - ASIENTO SECUNDARIO -- NOMBRE PERSONAL
Nombre personal Vergara, Carmelo,
Mención de responsabilidad il.
700 12 - ASIENTO SECUNDARIO -- NOMBRE PERSONAL
Nombre personal Gacharná Ramirez, Javier
910 ## - VALIDACIÓN
Validación
942 ## - ADDED ENTRY ELEMENTS (KOHA)
Source of classification or shelving scheme Dewey Decimal Classification
Koha item type Libros
945 ## - INFORMACIÓN DE PROCESAMIENTO LOCAL
Información de procesamiento local Inventariado, 2018 / BT
956 ## - LOCAL ELECTRONIC LOCATION AND ACCESS (OCLC)
Nombre de host Yngrid Lockward
Número de acceso 10
Existencias
Withdrawn status Lost status Source of classification or shelving scheme Damaged status Not for loan Collection code Home library Current library Date acquired Source of acquisition Total Checkouts Barcode Date last seen Price effective from Koha item type Copy number
    Dewey Decimal Classification     Colección Infantil General Biblioteca Pública Metropolitana Salomé Ureña Biblioteca Pública Metropolitana Salomé Ureña 06/22/2016 COMPRA   BPMSU16060336 06/22/2016 06/22/2016 Libros  
    Dewey Decimal Classification     Colección Infantil General Biblioteca Pública Metropolitana Salomé Ureña Biblioteca Pública Metropolitana Salomé Ureña 06/22/2016 COMPRA   BPMSU16060337 06/22/2016 06/22/2016 Libros e. 2
    Dewey Decimal Classification     Colección Infantil General Biblioteca Pública Metropolitana Salomé Ureña Biblioteca Pública Metropolitana Salomé Ureña 06/22/2016 COMPRA   BPMSU16060338 06/22/2016 06/22/2016 Libros e. 3